000 00520nam a2200181Ia 4500
008 240925s9999 xx 000 0 und d
020 _a71210288
082 _a621.38223 CAR
100 _aCarlson, A. Bruce
245 0 _aCommunication Systems: An introduction to signals and noise in electrical communication
250 _a4th
260 _aBoston:
_bMC Graw-Hill
_c,2002.
300 _axii,596p.
_bNA
_fPirated
500 _aIncludes Index
600 _aElectrical Engineering
650 _aTechnology
942 _cBK
999 _c8602
_d8602